| 000 | 00896pam a2200277 a 4500 | ||
|---|---|---|---|
| 001 | 4225591 | ||
| 003 | OSt | ||
| 005 | 20140310182256.0 | ||
| 008 | 820224s1982 nyu j 000 1 eng | ||
| 010 | _a 82070323 | ||
| 020 | _a0446603546 | ||
| 040 |
_aDLC _cDLC _dDLC |
||
| 042 | _alcac | ||
| 050 | 0 | 0 |
_aPZ 7.V7457 _b.V784 1996 |
| 082 |
_aFIC _bV75p 1996 |
||
| 100 | 1 |
_aVinge, Joan D. _920383 |
|
| 245 | 1 | 0 |
_aPsion / _cJoan D. Vinge. |
| 260 |
_aNew York, N.Y. : _bDelacorte Press, _cc1982. |
||
| 300 |
_a346 p. ; _c22 cm. |
||
| 520 | _aA sixteen-year-old delinquent who has spent his life lying and stealing becomes involved in a research project which unleashes his extraordinary telepathic powers. | ||
| 650 | 1 | _aScience fiction. | |
| 650 | 1 |
_aExtrasensory perception _xFiction. _920384 |
|
| 906 |
_a7 _bcbc _corignew _d1 _eopcn _f19 _gy-gencatlg |
||
| 942 |
_2lcc _cBK-FIC |
||
| 999 |
_c11487 _d11487 |
||